000 00492nam a2200169Ia 4500
003 GCL
008 140319s9999 xx 000 0 eng d
040 _aGCL /
_cGCL
082 0 4 _a362.1
_bD C
100 1 _aCOMMUNITY HEALTH SERVICES
245 1 0 _aCOMMUNITY HEALTH, PREVENTIVE MEDICINE AND SOCIAL SERVICES /
_cCOMMUNITY HEALTH SERVICES
260 _a[S.N] :
_bBAILLIERE TINDALL ،
_c1993
300 _a572 P
650 0 4 _aDAVIES, TOM
650 0 4 _aDAVIES, BRIAN MEREDITH
942 _2ddc
_cBK
999 _c15316
_d15316